Ausgewählte kapitel aus der syntax

Podrobná bibliografia
Hlavný autor: Fraštíková, Simona, 1985- (Autor)
Médium: Kniha
Jazyk:nemčina
Fyzický popis:92 strán tabuľky 21 cm
Vydavateľské údaje: Trnava Univerzita sv. Cyrila a Metoda v Trnave 2023
ISBN:9788057203049
Vydanie:Prvé vydanie
Predmet:

MARC

LEADER 00000cam a2200000 4500
001 vtls012235760
003 SK-MaSNL
005 20260301185401.0
008 230727s2023 xo l frnp 000 0 ger
015 |a SNBA2023/09 
020 |a 9788057203049  |q (brožované) 
040 |a SNK  |b slo  |c SNK  |e rda 
041 0 |a ger 
044 |a xo  |c SK 
072 7 |a 81  |x Lingvistika. Jazyky  |2 konspekt 
072 7 |a 37.016  |x Učebné osnovy. Vyučovacie predmety. Učebnice  |2 konspekt 
080 |a 81'36  |2 2011 
080 |a 811.112.2  |2 2011 
080 |a 81`367  |2 2011 
080 |a 81`367.333  |2 2011 
080 |a (075.8)  |2 2011 
100 1 |a Fraštíková, Simona,  |d 1985-  |4 aut  |9 227943 
245 1 0 |a Ausgewählte kapitel aus der syntax  |c Simona Fraštíková 
250 |a Prvé vydanie 
264 1 |a Trnava  |b Univerzita sv. Cyrila a Metoda v Trnave  |c 2023 
300 |a 92 strán  |b tabuľky  |c 21 cm 
336 |a text  |b txt  |2 rdacontent 
337 |a bez média  |b n  |2 rdamedia 
338 |a zväzok  |b nc  |2 rdacarrier 
366 |e 100 kusov 
504 |a Bibliografia za jednotlivými kapitolami 
650 0 7 |a gramatika  |2 SNKPH  |9 865 
650 0 7 |a nemčina  |2 SNKPH  |9 1384 
650 0 7 |a syntax  |2 SNKPH  |9 1352 
650 0 7 |a vetné členy  |2 SNKPH  |9 73074 
650 0 7 |a Grammar  |2 SNKPHeng  |9 278150 
650 0 7 |a German language  |2 SNKPHeng  |9 278149 
650 0 7 |a syntax  |2 SNKPHeng  |9 1352 
650 0 7 |a Clause complements  |2 SNKPHeng  |9 313804 
655 7 |a učebnice vysokých škôl  |2 SNKPH  |9 70191 
655 7 |a Textbooks (higher)  |2 SNKPHeng  |9 276436 
710 2 |a Univerzita sv. Cyrila a Metoda v Trnave.  |b Filozofická fakulta  |4 pbl  |9 124567 
852 |a Slovenská národná knižnica 
919 |a 978-80-572-0304-9 
954 |a odborná, vedecká literatúra pôvodná (slovenská)  |2 lita 
958 |a NB 
999 |c 863739  |d 865669 
952 |a SNK  |b SNK  |y PREZ  |7 0  |p 17A1533537  |o snkSC 203261  |i snk2023/12112  |8 0  |0 0  |1 0  |4 0  |d 2023-08-15  |f 1  |l 0  |r 2025-10-27 00:00:00  |w 2026-02-24